Consumer participation in infrastructure regulation: evidence from the East Asia and Pacific region (Record no. 293008)

000 -LEADER
fixed length control field 00605cam a22001697a 4500
008 - FIXED-LENGTH DATA ELEMENTS--GENERAL INFORMATION
fixed length control field 180718b2005 xxu||||| |||| 00| 0 eng d
020 ## - INTERNATIONAL STANDARD BOOK NUMBER
International Standard Book Number 0821363808
082 ## - DEWEY DECIMAL CLASSIFICATION NUMBER
Classification number B3096x5 M989
100 ## - MAIN ENTRY--PERSONAL NAME
Personal name Muzzini, Elisa
245 ## - TITLE STATEMENT
Title Consumer participation in infrastructure regulation: evidence from the East Asia and Pacific region
Statement of responsibility, etc. by Elisa Muzzini
260 ## - PUBLICATION, DISTRIBUTION, ETC.
Place of publication, distribution, etc. Washington, D.C.
Name of publisher, distributor, etc. World Bank
Date of publication, distribution, etc. 2005
300 ## - PHYSICAL DESCRIPTION
Extent 51p.
440 ## - SERIES STATEMENT/ADDED ENTRY--TITLE
Title World Bank working paper; no. 66
650 ## - SUBJECT ADDED ENTRY--TOPICAL TERM
Topical term or geographic name entry element Infrastructure (Economics) - East Asia
650 ## - SUBJECT ADDED ENTRY--TOPICAL TERM
Topical term or geographic name entry element Consumer protection - Pacific Area
650 ## - SUBJECT ADDED ENTRY--TOPICAL TERM
Topical term or geographic name entry element Consumer protection - East Asia
Holdings
Withdrawn status Lost status Damaged status Not for loan Permanent Location Current Location Date acquired Full call number Barcode Date last seen Price effective from Koha item type
        Indian Institute of Public Administration Indian Institute of Public Administration 2006-02-07 B3096x5 M989 WB10847 2018-07-20 2018-07-20 WB

Powered by Koha